Current issues in cost - benefit analysis (Record no. 414315)

000 -LEADER
fixed length control field 00456cam a22001577a 4500
008 - FIXED-LENGTH DATA ELEMENTS--GENERAL INFORMATION
fixed length control field 180718b1969 xxu||||| |||| 00| 0 eng d
082 ## - DEWEY DECIMAL CLASSIFICATION NUMBER
Classification number L6 w168
100 ## - MAIN ENTRY--PERSONAL NAME
Personal name Walsh,H.G.
245 ## - TITLE STATEMENT
Title Current issues in cost - benefit analysis
Statement of responsibility, etc. By H.G. Walsh and Alan Williams
260 ## - PUBLICATION, DISTRIBUTION, ETC.
Place of publication, distribution, etc. London
Name of publisher, distributor, etc. HMSO
Date of publication, distribution, etc. 1969
300 ## - PHYSICAL DESCRIPTION
Extent 19p.
440 ## - SERIES STATEMENT/ADDED ENTRY--TITLE
Title CAS occasinal paper/number 11
650 ## - SUBJECT ADDED ENTRY--TOPICAL TERM
Topical term or geographic name entry element Public administration
650 ## - SUBJECT ADDED ENTRY--TOPICAL TERM
Topical term or geographic name entry element Cost effectiveness
700 ## - ADDED ENTRY--PERSONAL NAME
Personal name Williams,Alan
Holdings
Withdrawn status Lost status Damaged status Not for loan Permanent Location Current Location Date acquired Full call number Barcode Date last seen Price effective from Koha item type
        Indian Institute of Public Administration Indian Institute of Public Administration 2009-02-24 L6 w168 DA1796 2018-07-21 2018-07-21 DA

Powered by Koha